Mikroprocesorová technika pre 3. ročník SPŠE /

Guardado en:
Detalles Bibliográficos
Autor principal: Babák, Milan (Autor)
Formato: Libro
Lenguaje:eslovaco
Publicado: Bratislava : Alfa, 1989
Edición:2.dopl.vyd.
Etiquetas: Agregar Etiqueta
Sin Etiquetas, Sea el primero en etiquetar este registro!

MARC

LEADER 00000nam a22000003a 4500
001 stu1802
005 20150617225619.4
008 920602s1989----cs------------------slo-d
040 |a STU  |b slo 
041 0 |a slo 
044 |a cs 
080 |a 681.326-181.4 
080 |a 621.382.049.77(075.3) 
100 1 |a Babák, Milan  |4 aut 
245 1 |a Mikroprocesorová technika pre 3. ročník SPŠE /  |c [aut.] Babák,Milan 
250 |a 2.dopl.vyd. 
260 |a Bratislava :  |b Alfa,  |c 1989 
300 |a 243 s 
996 |b E70511  |c E*70511  |l EE05  |s P  |a 0  |w stu1802_0001